Cơ sở hoá học phân tích /

Cơ sở lý thuyết của các phương pháp phân tích hoá học; Các phương pháp công cụ.

Đã lưu trong:
Chi tiết về thư mục
Tác giả chính: Hoàng Minh Châu.
Tác giả khác: Từ Văn Mặc., Từ Vọng Nghi.
Định dạng: Sách
Ngôn ngữ:Vietnamese
Được phát hành: Hà Nội : Khoa học và kỹ thuật, 2002.
Những chủ đề:
Các nhãn: Thêm thẻ
Không có thẻ, Là người đầu tiên thẻ bản ghi này!
Thư viện lưu trữ: Mạng thư viện Đại học Đà Nẵng
LEADER 01410cam a2200385 a 4500
001 000045006
003 4116
005 20060414104007.0
008 010308b2002 vm 000 vie
020 |c 52000 
040 |a LRC  |c LRC  |d LRC 
041 0 |a vie 
082 1 4 |a 543  |b HO-C 
100 1 |a Hoàng Minh Châu. 
245 1 0 |a Cơ sở hoá học phân tích /  |c Hoàng Minh Châu, Từ Văn Mặc, Từ Vọng Nghi. 
260 |a Hà Nội :  |b Khoa học và kỹ thuật,  |c 2002. 
300 |a 377 tr. :  |b mh. ;  |c 27 cm. 
500 |a Giáo trình dùng cho sinh viên các trường đại học Bách khoa, Sư phạm, Khoa học Tự nhiên, Kỹ thuật.. 
520 3 |a Cơ sở lý thuyết của các phương pháp phân tích hoá học; Các phương pháp công cụ. 
630 0 4 |a Hoá học. 
650 0 4 |a Hoá học phân tích. 
700 1 |a Từ Văn Mặc. 
700 1 |a Từ Vọng Nghi. 
OWN |a DUT 
AVA |a UDN50  |b DUT  |c Book  |d 543 HO-C  |e available  |t Error 5001 Not defined in file expand_doc_bib_avail.  |f 10  |g 0  |h N  |i 4  |j SH  |k 1 
999 |a From the UDN01 
AVA |a UDN50  |b DUT  |c Book  |d 543 HO-C  |e available  |t Error 5001 Not defined in file expand_doc_bib_avail.  |f 10  |g 0  |h N  |i 4  |j SH  |k 1 
TYP |a Monograph 
TYP |a Printed language 
980 |a Mạng thư viện Đại học Đà Nẵng